000 00624nam a22002411c 4500
001 a987677901
008 161109s2016 gw |||| 000u rus d
020 _a9785235038554
_9978-5-235-03855-4
041 _arus
100 1 _aBondarenko, Aleksandr Ju.
245 0 0 _aFitin
264 _aMoskva :
_bMolodaja gvardija,
_c2016
300 _a398 Seiten
600 0 _aFitin, Pavel Michajlovič
650 0 _aGeneral
650 0 _aWeltkrieg <1939-1945>
651 0 _aSowjetunion
655 0 _aBiographie
942 _cMG
040 _cRU-10907106
003 RU-10907106
999 _c39838
_d39838
490 0 _aŽizn' zamečatel'nych ljudej
_v1754